000 01649nam a22002177a 4500
005 20251107091010.0
008 251107b |||||||| |||| 00| 0 eng d
020 _a9781398539419
040 _cAL
041 _aeng
082 _a823.914
_bSILF
100 _aElsie Silver
_9244488
245 _aFront runner
260 _aLondon
_bSimon and Schuster
_c2024
300 _a324p.
_bPB
_c20x13cm
365 _2English
_a4241
_b₹399.20
_c
_d₹499.00
_e20%
_f25-10-2025
520 _aStefan Dalca is infuriatingly handsome. And annoyingly persistent. We’re supposed to hate each other. But apparently he didn’t get the memo, because he’s been asking me out for years. And I always say no. Until today. Today he has something that I desperately need. Today he’s a savior, and I’m his prize. Our time together starts out as a simple transaction. Three dates. No touching. No telling anyone. And definitely no falling in love. But with every intimate conversation, and each stolen glance, the tension between us builds. The way he looks at me gives me butterflies. And when he finally touches me? We sizzle. Stefan makes me feel seen in a way no other person has before. He cherishes my words as passionately as my body. He makes me laugh. He makes me blush. He calls me kitten. He’s not the villain he’s been made out to be. And suddenly I find myself longing for him in a way the people closest to me wouldn’t approve of or understand. Giving in to Stefan Dalca is playing with fire. But with him I don’t even mind the heat.
650 _aEnglish Fiction
_9244489
650 _aEnglish Novel
_9244490
942 _2ddc
_cBK
999 _c240681
_d240681